01553cam a2200313 a 45000010008000000030006000080050017000140080041000310100017000720200018000890350016001070400028001230410008001510420008001590490009001670500022001761000038001982450122002362600063003583000044004215040066004655200489005316100023010206500031010436500047010749420008011219520095011299990015012242851802CaAEU20241218125121.0021003s2003 enka b 001 0 eng  a 2002038132 a9780199256785 aocm50738011 aDLCbengcDLCdUKMdAEU aeng apcc aUABA00aHD30.2b.P38 2003 aPatriotta, Gerardo924404eauthor10aOrganizational knowledge in the makingb: how firms create, use, and institutionalize knowledgec/ Gerardo Patriotta. aOxford ;aNew York , NY :bOxford University Press,c2003. ax, 232 pages :billustrations ;c24 cm. aIncludes bibliographical references (p. [213]-223) and index. aThis book deals with the processes by which organizations create, use, and retain knowledge on a day-to-day basis. It provides a critical review of the concepts, debates, and assumptions underpinning existing perspectives on organizational knowledge, and suggests a new vocabulary for understanding knowledge-oriented phenomena in organizations. The book invites scholars, managers, and practitioners to reflect upon the repertoire of knowledge they possess and yet cannot articulate. 0aFiat (Firm)924405 0aKnowledge management92563 0aOrganizational learningxManagement924406 2lcc 00102lcc4070aTBSbTBSd2024-12-18l0oHD30.2 PATpB02890r2024-12-18t1w2024-12-18y1 c4441d4441